| 000 | 00735cab a2200217 4500 | ||
|---|---|---|---|
| 001 | WB2923-04 | ||
| 008 | 090401t1993 xxu||||| |||| 00| 0 eng d | ||
| 035 | _a(Sirsi) u54133 | ||
| 041 | _aeng | ||
| 245 | _aHopes of upturn | ||
| 260 | _c1993 | ||
| 350 | _a0 | ||
| 490 |
_aArchitects` Journal _v197(24) 16 June 1993, 5(1) |
||
| 520 | _aThe real value of architects` new commissions is at its highest for a year, with prospects for private architectural practices reflecting a long-awaited upturn in the economy according to the latest RIBA Architects` Workload survey. | ||
| 650 | _aARCHITECTS | ||
| 650 | _aNEW COMMISSIONS | ||
| 650 | _aWORKLOAD SURVEY | ||
| 690 | _aBUILT ENVIRONMENT | ||
| 942 | _n0 | ||
| 948 | _c04/03/1997 | ||
| 999 |
_c33194 _d33194 |
||